| 000 | 00552nam a2200205 a 4500 | ||
|---|---|---|---|
| 005 | 20230602063810.0 | ||
| 008 | 170502s2013 mx r 000 0 spa d | ||
| 020 | _a9786079278748 | ||
| 035 | _aUPN01000217463 | ||
| 049 | _aCG | ||
| 050 | 4 |
_aPQ7298.43 O3.3 _bP7.3 |
|
| 100 | 1 |
_aTodd, Mario, _d1972- _940462 |
|
| 245 | 1 | 0 |
_aPresente infinito : _bhipermnesia / _cMario Todd. |
| 260 |
_aMéxico : _bColofón, _c2013. |
||
| 300 | _a138 p. | ||
| 440 | 0 |
_aTinta nueva. _pAxial |
|
| 650 | 4 |
_aNovela mexicana _94557 |
|
| 905 | _aLibro | ||
| 999 |
_c189563 _d189563 |
||